Juventud, trabajo y desempleo: un análisis psicosociológico
محفوظ في:
| مؤلف مشترك: | |
|---|---|
| التنسيق: | نص |
| منشور في: |
Madrid:
Ministerio de Trabajo y Seguridad Social. Centro de publicaciones
|
| الموضوعات: | |
| الوسوم: |
إضافة وسم
لا توجد وسوم, كن أول من يضع وسما على هذه التسجيلة!
|
MARC
| LEADER | 00000 a a2200000 04500 | ||
|---|---|---|---|
| 001 | 31363 | ||
| 003 | |||
| 040 | |a CRAI/IIS |c CRAI/IIS | ||
| 020 | |a 84-7434-550-2 | ||
| 090 | |a 198122 | ||
| 110 | |a España. Ministerio de Trabajo y Seguridad Social | ||
| 245 | |a Juventud, trabajo y desempleo: un análisis psicosociológico | ||
| 260 | |a Madrid: |b Ministerio de Trabajo y Seguridad Social. Centro de publicaciones | ||
| 300 | |a 567 p. | ||
| 650 | |a DESEMPLEO JUVENIL | ||
| 650 | |a RESPONSABILIDAD CIVIL | ||
| 650 | |a RESPONSABILIDAD DE LOS ESTADOS | ||
| 650 | |a PROGRAMAS DE AYUDA | ||
| 650 | |a PROYECTOS CONJUNTOS | ||
| 999 | |c 17041 |d 17041 | ||



